000 01304nam a2200325 a 4500
001 000112786
003 CHAP
005 20220329144321.0
008 161116s2015 mx |s ||||||spa d
010 _a109247
011 _a110219
020 _a9786078408146
040 _cCHAP
090 _aCD-467
100 1 _aRosario Muñóz, Víctor Manuel
_9131271
245 1 3 _aLa gestión directiva de intervención permanente :
_h[Disco compacto]
_buna alternativa para la transformación de las prácticas académicas en las instituciones de educación superior /
_cpor Víctor Manuel Rosario Muñoz.
260 _aGuadalajara, Méx. :
_bRed de Académicos de Iberoamérica A.C.
_bInstituto para el Desarrollo de la Investigación e Innovación Educativa en Iberoamérica,
_c2015.
300 _a1 CD ROM ;
_c4 3/4 plg.
590 _aBATCH-UPD
_b05
_c20161116
_lUCH01
_h1126
590 _aE11695DGD
_b10
_c20170512
_lUCH01
_h0955
590 _aE11695DGD
_b10
_c20170512
_lUCH01
_h0955
590 _aE5765TAJ
_b05
_c20161116
_lUCH01
_h1125
590 _aE5765TAJ
_b05
_c20161116
_lUCH01
_h1404
650 1 4 _aCapacitación docente
_zMéxico.
_9131272
650 1 4 _aFormación profesional de maestros
_zMéxico.
_9131273
650 1 4 _aInnovaciones educativas.
_9131274
901 _aBK
942 _cCD
942 _n0
999 _c109247
_d109247